MARC

LEADER 00000nas a2200000 a 4500
001 ssj0014875
003 WaSeSS
005 20200512172242.0
006 m d
007 cr n
008 030407c19909999ilubr pss 0 a0eng c
010 |a  2008247590 
022 |a 2169-4133  |y 1046-7041 
035 |a (WaSeSS)ssj0014875 
040 |a FQM  |b eng  |c FQM  |d OCLCQ  |d SBH  |d OCLCQ  |d DLC  |d OCLCQ  |d OCLCF  |d OCLCO  |d VT2  |d OCLCQ  |d OCLCO  |d OCLCQ  |d Z5A  |d OCLCO  |d OCLCA  |d BUF  |d AU@  |d OCLCO  |d WYU  |d WaSeSS 
042 |a pcc  |a nsdp 
050 4 |a RT1  |b .A153 
060 4 |a INTERNET 
082 0 0 |a 610  |2 23 
130 0 |a ABNF journal (Online) 
210 0 |a ABNF j.  |b (Online) 
222 4 |a The ABNF journal  |b (Online) 
245 1 4 |a The ABNF journal  |h [electronic resource]. 
260 |a Lisle, IL :  |b Tucker Publications 
362 1 |a Print began with vol. 1, no. 1 (spring 1990). 
506 |a License restrictions may limit access. 
538 |a Mode of access: World Wide Web. 
550 |a Official journal of the Association of Black Nursing Faculty in Higher Education, Inc. 
588 |a Description based on print version record. 
588 |a Latest issue consulted: Vol. 23, no. 2 (spring 2012) (Proquest site, viewed Aug. 24, 2012). 
650 0 |a African American nurses  |v Periodicals. 
650 0 |a Nursing  |v Periodicals. 
650 7 |a African American nurses.  |2 fast  |0 (OCoLC)fst00799280 
650 7 |a Nursing.  |2 fast  |0 (OCoLC)fst01041731 
650 2 |a Nursing  |v Periodicals. 
650 2 |a Nursing Research  |v Periodicals. 
650 2 |a African Americans  |v Periodicals. 
650 2 |a Societies, Nursing  |v Periodicals. 
655 0 |a Electronic journals. 
710 2 |a Association of Black Nursing Faculty in Higher Education. 
776 0 8 |i Print version:  |t ABNF journal  |x 1046-7041  |w (DLC)sn 89003157  |w (OCoLC)20496528 
856 4 0 |z Full text available from Research Library: 01/01/1999 to present  |u https://search.proquest.com/publication/32975